000 01298naa a22003617a 4500
001 BR7702138
003 BR-BrBNA
005 20240918173935.0
007 ta
008 230509b bl.||||| |||| 00| 0 por d
040 _aBR-BrBNA
_bpor
_cBiblioteca Nacional de Agricultura
041 _a(Pt)
072 _aQ10
_b1126
_b9140
_bG514
090 _aQ10 BR7702138
100 1 _aVieira, R.
100 1 _aSeara, L.T. e
100 1 _aCampus, M.S.
100 1 _aCira, G.
100 1 _aFarah, Z.
100 1 _aLeao, J. de S.
100 1 _aGuerra, N.B.
100 1 _aFaro, Z.P. de
245 1 _aProducao de suco concentrado de abacaxi com recuperacao de aromas [Annas comosus; Brasil]
_bPt. 2
260 3 _aRecife, PE (Brasil):
_c1977.
500 _aPrograma de pesquisas analiticas e tecnologicas de produtos agropecuarios no estados de Pernambuco e Paraiba Recife, PE (Brasil): 1977. p. 48-65 (BR7702138-AM)Q10
650 _aTecnologia de alimento
650 _aSuco concentrado
650 _aAbacaxi
650 _aIndustria alimenticia
773 0 _tPrograma de pesquisas analiticas e tecnologicas de produtos agropecuarios no estados de Pernambuco e Paraiba
_b
_wQ10 BR7702138
_gRecife, PE (Brasil), 1977. p. 48-65
909 _a202404
_bLucia
_c55
_dLucia Elande
942 _cAM
_2AGRIS
999 _c307836
_d307836